DANDY'S WORLD QUIZ - Statistiques

Statistiques générales
  • Ce quiz a été pris 482 fois
  • Le résultat moyen est 12 sur 15
Statistiques - réponses
Question Réponse % Correct
quels sont les deux toons de départ ? poppy et boxten
97%
comment se nomme le toons en forme de miroir ? glisten
95%
quel toons est un papillon ? flutter
94%
quel twisteds est une capsule d'ichor avants de le déclencher. rodger
94%
quel est l'item qui redonne toutes les vies du porteurs ? kit de soin
92%
lequel de ces toons ne vient pas de la mise à jour de noël ? sprout
92%
lequel de ces twisteds existe vraiment ? twisted astro
91%
lequels sont frère et soeur ? goob et scraps
90%
quel est le toons le plus nul du jeu ? shrimpo
90%
Quel est le principal toons du jeu ? dandy
86%
lequel de ces chip("couple") existe réellement ? sproot et cosmo
79%
lequel de ces twisteds n'est pas cassé ? tisha
79%
quel est la particularité de razzle et dazzle ? il a deux capacité grace à ses deux têtes
77%
comment repérer twisteds rodger qui est transformé en capsule dans une partie ? si la capsule n'a pas deux barres en métal en son centre il s'agit de rodger
75%
quel est l'intrus entre ces twisteds ? pebble
10%
Aucun quiz correspondant
Distribution des résultats
% des personnes avec chaque résultat
Percentile par nombre de réponses
Votre historique - résultats
Vous n’avez pas pris ce quiz